| 000 | 00545nam a2200217Ia 4500 | ||
|---|---|---|---|
| 005 | 20250425162739.0 | ||
| 008 | 250425s9999 xx 000 0 und d | ||
| 020 | _a0070510369 | ||
| 041 | _aeng | ||
| 082 | _a658.4012 | ||
| 100 | _aLEBEN, JOE | ||
| 245 | 0 | _aSTRATEGIC CHOICES SUPREMACY, SURVIVAL, OR SAYONARA | |
| 250 | _aS.E. | ||
| 260 |
_aEstados Unidos _bMCGRAW-HILL, INC. _c1991 |
||
| 260 | _aNEW YORK | ||
| 300 | _a272 | ||
| 650 | _aPLANIFICACION ESTRATEGICA | ||
| 710 | _aMCGRAW-HILL, INC. | ||
| 942 | _c01 | ||
| 010 | _a104585 | ||
| 999 |
_c235599 _d235599 |
||